[Event "RUS-chT Premier 2021"]
[White "Sychev,Klementy"]
[Black "Kryakvin,Dmitry"]
[WhiteTeam "КПРФ"]
[BlackTeam "Wildberries Молодёжка"]
[Site "Sochi"]
[Round "7.12"]
[Annotator "ChessBase"]
[Result "0-1"]
[Date "2021.05.08"]
[WhiteElo "2572"]
[BlackElo "2577"]
[PlyCount "134"]
[TimeControl "60"]

1. e4 {[%emt 0:0:0]} c5 {[%emt 0:0:0]} 2. Nf3 {[%emt 0:0:0]} Nc6 {[%emt 0:0:0]
} 3. d4 {[%emt 0:0:0]} cxd4 {[%emt 0:0:3]} 4. Nxd4 {[%emt 0:0:0]} d6 {[%emt 0:1:4]} 5. Nc3 {[%emt 0:11:31]} e5 {[%emt 0:1:9]} 6. Ndb5 {[%emt 0:5:11]} a6 {[%emt 0:2:49]} 7. Na3 {[%emt 0:0:37]} b5 {[%emt 0:0:9]
} 8. Nd5 {[%emt 0:1:5]} Nge7 {[%emt 0:1:25]} 9. Bd3 {[%emt 0:2:2]} Nxd5 {[%emt 0:5:1]
} 10. exd5 {[%emt 0:0:7]} Ne7 {[%emt 0:1:31]} 11. 0-0 {[%emt 0:9:37]
} g6 {[%emt 0:5:12]} 12. c4 {[%emt 0:0:25]} Bg7 {[%emt 0:0:33]
} 13. cxb5 {[%emt 0:0:7]} 0-0 {[%emt 0:0:29]} 14. Re1 {[%emt 0:1:55]} f5 {[%emt 0:4:43]
} 15. Nc2 {[%emt 0:5:2]} Kh8 {[%emt 0:14:53]} 16. bxa6 {[%emt 0:16:10]
} Nxd5 {[%emt 0:9:59]} 17. b4 {[%emt 0:5:48]} e4 {[%emt 0:0:0]} 18. Bf1 {[%emt 0:8:49]} Nxb4 {[%emt 0:5:35]} 19. Nxb4 {[%emt 0:0:49]} Bxa1 {[%emt 0:0:5]} 20. Bh6 {[%emt 0:14:4]} Bg7 {[%emt 0:3:38]} 21. Bxg7+ {[%emt 0:1:15]
} Kxg7 {[%emt 0:0:3]} 22. Qd5 {[%emt 0:1:42]} Bd7 {[%emt 0:0:0]} 23. Rc1 {[%emt 0:1:19]} Be8 {[%emt 0:13:11]} 24. Qd4+ {[%emt 0:3:38]} Qf6 {[%emt 0:1:11]} 25. Rc7+ {[%emt 0:1:36]} Rf7 {[%emt 0:4:20]} 26. Qb6 {[%emt 0:3:13]
} Rxc7 {[%emt 0:11:8]} 27. Qxc7+ {[%emt 0:0:8]} Bf7 {[%emt 0:0:0]} 28. Qb7 {[%emt 0:4:38]} Re8 {[%emt 0:0:52]} 29. a7 {[%emt 0:1:38]} Qb2 {[%emt 0:0:35]} 30. Qb8 {[%emt 0:0:40]} e3 {[%emt 0:5:19]} 31. fxe3 {[%emt 0:0:7]
} Qa3 {[%emt 0:0:27]} 32. Qb6 {[%emt 0:1:13]} Qc1 {[%emt 0:0:0]} 33. Nc6 {[%emt 0:1:11]} Kh6 {[%emt 0:0:29]} 34. Na5 {[%emt 0:0:51]} Bd5 {[%emt 0:0:48]} 35. h3 {[%emt 0:0:30]} Qxe3+ {[%emt 0:1:50]} 36. Qxe3+ {[%emt 0:0:5]
} Rxe3 {[%emt 0:0:2]} 37. Nc4 {[%emt 0:0:27]} Re7 {[%emt 0:0:0]} 38. Nb6 {[%emt 0:0:5]} Rxa7 {[%emt 0:0:6]} 39. Nxd5 {[%emt 0:0:4]} Rxa2 {[%emt 0:0:3]} 40. Kh2 {[%emt 0:0:0]} Rd2 {[%emt 0:0:0]} 41. Ne3 {[%emt 0:18:2]
} Kg5 {[%emt 0:5:32]} 42. Nc4 {[%emt 0:0:22]} Rd4 {[%emt 0:0:0]} 43. Kg3 {[%emt 0:0:39]} Kf6 {[%emt 0:2:6]} 44. Kf3 {[%emt 0:1:56]} d5 {[%emt 0:1:41]} 45. Nb2 {[%emt 0:0:13]} h5 {[%emt 0:2:41]} 46. Nd3 {[%emt 0:0:0]} h4 {[%emt 0:0:41]} 47. Be2 {[%emt 0:2:28]} g5 {[%emt 0:3:42]} 48. Kf2 {[%emt 0:2:45]} Ra4 {[%emt 0:1:3]} 49. Bf3 {[%emt 0:0:27]} d4 {[%emt 0:0:0]} 50. Be2 {[%emt 0:4:49]} Ra2 {[%emt 0:1:45]} 51. Nb4 {[%emt 0:0:35]} Rb2 {[%emt 0:2:3]} 52. Nd3 {[%emt 0:0:3]} Rd2 {[%emt 0:2:22]} 53. Ke1 {[%emt 0:0:7]
} Ra2 {[%emt 0:0:4]} 54. Kf1 {[%emt 0:2:56]} Ra3 {[%emt 0:0:0]} 55. Ke1 {[%emt 0:1:19]} Ke6 {[%emt 0:7:31]} 56. Kd2 {[%emt 0:0:31]} Ra1 {[%emt 0:0:21]} 57. Bf3 {[%emt 0:0:21]} Ra2+ {[%emt 0:0:12]} 58. Ke1 {[%emt 0:1:7]
} Kd6 {[%emt 0:0:9]} 59. Kf1 {[%emt 0:0:26]} Rc2 {[%emt 0:0:0]} 60. Nb4 {[%emt 0:1:3]} Rc3 {[%emt 0:0:16]} 61. Ke2 {[%emt 0:0:33]} Re3+ {[%emt 0:0:47]} 62. Kd2 {[%emt 0:0:15]} g4 {[%emt 0:1:16]} 63. hxg4 {[%emt 0:0:8]
} h3 {[%emt 0:0:8]} 64. Nd3 {[%emt 0:1:15]} fxg4 {[%emt 0:0:0]} 65. Ba8 {[%emt 0:0:16]} h2 {[%emt 0:0:50]} 66. g3 {[%emt 0:0:8]} Rxg3 {[%emt 0:0:20]} 67. Nf2 {[%emt 0:0:11]} Rg1 {[%emt 0:0:18]} 0-1

[Event "RUS-chT Premier 2021"]
[White "Petrov,Nikita"]
[Black "Predke,Alexandr"]
[WhiteTeam "Школа М. Ботвинника"]
[BlackTeam "Шахматная сборная Москвы"]
[Site "Sochi"]
[Round "7.13"]
[Annotator "TA"]
[Result "1/2-1/2"]
[Date "2021.05.08"]
[WhiteElo "2567"]
[BlackElo "2690"]
[PlyCount "29"]

1. e4 {} c5 2. Nf3 e6 3. d4 cxd4 4. Nxd4 Nc6 5. Nb5 d6 6. c4 Nf6 7. N1c3 a6 8. Nd4 d5 {B44: Sicilian:
Taimanov: 5 Nb5.} 9. exd5 exd5 {[#]} 10. Be2 $146 ({Predecessor:} 10. Nxc6 bxc6 11. cxd5 Nxd5 12. Nxd5 cxd5 13. Be2 Be7 14. 0-0 0-0 15. Be3 Rb8 16. Bd4 {
1/2-1/2 (53) Malakhov,V (2675)-Potkin,V (2613) Serpukhov 2008} )Nxd4 (10... Be7 {feels hotter.} 11. cxd5 Nxd5 12. Nxc6 bxc6 13. Nxd5 cxd5 14. 0-0 0-0 )11. Qxd4 dxc4 12. Qxd8+ Kxd8 13. Bxc4 Be6 14. Bxe6 fxe6 15. Ke2 {Weighted
Error Value: White=0.09/Black=0.09} 1/2-1/2

[Event "RUS-chT Premier 2021"]
[White "Malakhov,Vladimir"]
[Black "Zakhartsov,Vladimir"]
[WhiteTeam "Шахматная сборная Москвы"]
[BlackTeam "Школа М. Ботвинника"]
[Site "Sochi"]
[Round "7.14"]
[Annotator "ChessBase"]
[Result "1-0"]
[Date "2021.05.08"]
[WhiteElo "2665"]
[BlackElo "2486"]
[PlyCount "117"]
[TimeControl "60"]

1. Nf3 {[%emt 0:0:0]} c5 {[%emt 0:0:0]} 2. c4 {[%emt 0:0:4]} Nf6 {[%emt 0:0:0]
} 3. Nc3 {[%emt 0:0:49]} d5 {[%emt 0:0:2]} 4. cxd5 {[%emt 0:0:0]} Nxd5 {[%emt 0:0:6]} 5. e3 {[%emt 0:1:46]} Nxc3 {[%emt 0:0:14]} 6. dxc3 {[%emt 0:5:49]} Qc7 {[%emt 0:8:23]} 7. Qa4+ {[%emt 0:2:58]} Nd7 {[%emt 0:1:40]
} 8. Qh4 {[%emt 0:6:13]} e6 {[%emt 0:4:4]} 9. Qg3 {[%emt 0:0:0]} Qxg3 {[%emt 0:3:2]} 10. hxg3 {[%emt 0:0:40]} b6 {[%emt 0:5:38]} 11. Bd3 {[%emt 0:26:59]} Bb7 {[%emt 0:2:34]} 12. Ke2 {[%emt 0:0:4]} Bd6 {[%emt 0:2:29]
} 13. e4 {[%emt 0:3:59]} Ke7 {[%emt 0:2:14]} 14. Be3 {[%emt 0:0:0]} h6 {[%emt 0:4:42]} 15. a4 {[%emt 0:4:38]} a6 {[%emt 0:2:14]} 16. g4 {[%emt 0:5:39]} Bc6 {[%emt 0:11:39]} 17. Rhd1 {[%emt 0:7:41]} Rhd8 {[%emt 0:0:0]} 18. Bc2 {[%emt 0:3:17]} Bc7 {[%emt 0:5:50]} 19. g5 {[%emt 0:2:43]} hxg5 {[%emt 0:0:49]} 20. Bxg5+ {[%emt 0:0:4]} f6 {[%emt 0:0:12]} 21. Be3 {[%emt 0:0:2]
} a5 {[%emt 0:5:37]} 22. Bd3 {[%emt 0:10:47]} g5 {[%emt 0:7:34]
} 23. Nd2 {[%emt 0:1:1]} Bf4 {[%emt 0:1:18]} 24. Nc4 {[%emt 0:2:49]} Ne5 {[%emt 0:3:27]
} 25. Nxe5 {[%emt 0:0:17]} fxe5 {[%emt 0:0:20]} 26. f3 {[%emt 0:1:32]
} Bxe3 {[%emt 0:0:48]} 27. Kxe3 {[%emt 0:0:2]} Rh8 {[%emt 0:0:0]} 28. Bb5 {[%emt 0:1:16]} Bxb5 {[%emt 0:0:43]} 29. axb5 {[%emt 0:0:4]
} c4 {[%emt 0:1:25]} 30. Rd2 {[%emt 0:2:19]} Rac8 {[%emt 0:8:48]} 31. Rad1 {[%emt 0:0:6]
} Rc5 {[%emt 0:0:13]} 32. Rd7+ {[%emt 0:0:14]} Kf6 {[%emt 0:0:0]} 33. R1d2 {[%emt 0:1:43]} Rxb5 {[%emt 0:2:28]} 34. Rc7 {[%emt 0:0:11]} Rc5 {[%emt 0:0:9]} 35. Rb7 {[%emt 0:2:5]} Rb5 {[%emt 0:0:1]} 36. Rc7 {[%emt 0:0:23]
} Rc5 {[%emt 0:0:2]} 37. Rdd7 {[%emt 0:1:56]} Rxc7 {[%emt 0:0:0]} 38. Rxc7 {[%emt 0:0:2]} Rh2 {[%emt 0:0:35]} 39. Kf2 {[%emt 0:0:5]} Rh1 {[%emt 0:0:15]} 40. Rb7 {[%emt 0:0:0]} a4 {[%emt 0:0:0]} 41. Rxb6 {[%emt 0:0:42]
} a3 {[%emt 0:3:46]} 42. bxa3 {[%emt 0:0:42]} Rc1 {[%emt 0:0:0]} 43. Rb2 {[%emt 0:6:36]} Rxc3 {[%emt 0:0:12]} 44. Ra2 {[%emt 0:0:3]} Rb3 {[%emt 0:0:51]} 45. Ke2 {[%emt 0:2:48]} Ke7 {[%emt 0:4:37]} 46. a4 {[%emt 0:0:11]
} Rb6 {[%emt 0:2:18]} 47. a5 {[%emt 0:2:44]} Ra6 {[%emt 0:0:0]} 48. Kd2 {[%emt 0:0:35]} Kd6 {[%emt 0:0:1]} 49. Kc3 {[%emt 0:0:6]} Kc5 {[%emt 0:0:4]} 50. Ra4 {[%emt 0:1:8]} Kb5 {[%emt 0:3:12]} 51. Rb4+ {[%emt 0:0:30]
} Kxa5 {[%emt 0:0:10]} 52. Rb8 {[%emt 0:0:12]} g4 {[%emt 0:0:0]} 53. fxg4 {[%emt 0:2:17]} Rd6 {[%emt 0:0:6]} 54. g5 {[%emt 0:1:35]} Rd7 {[%emt 0:3:30]} 55. Rg8 {[%emt 0:2:31]} Kb6 {[%emt 0:8:4]} 56. g6 {[%emt 0:0:0]} Rd3+ {[%emt 0:4:37]} 57. Kxc4 {[%emt 0:0:22]} Rg3 {[%emt 0:0:2]} 58. g7 {[%emt 0:0:7]} Kb7 {[%emt 0:0:5]} 59. Kc5 {[%emt 0:0:7]} 1-0

[Event "RUS-chT Premier 2021"]
[White "Makarian,Rudik"]
[Black "Sjugirov,Sanan"]
[WhiteTeam "Школа М. Ботвинника"]
[BlackTeam "Шахматная сборная Москвы"]
[Site "Sochi"]
[Round "7.15"]
[Annotator "ChessBase"]
[Result "1/2-1/2"]
[Date "2021.05.08"]
[WhiteElo "2468"]
[BlackElo "2663"]
[PlyCount "55"]
[TimeControl "60"]

1. d4 {[%emt 0:0:0]} Nf6 {[%emt 0:0:0]} 2. c4 {[%emt 0:0:0]} g6 {[%emt 0:0:0]} 3. Nc3 {[%emt 0:0:14]} d5 {[%emt 0:0:8]} 4. Nf3 {[%emt 0:0:9]} Bg7 {[%emt 0:0:15]} 5. h3 {[%emt 0:0:3]} 0-0 {[%emt 0:11:27]} 6. cxd5 {[%emt 0:0:0]} Nxd5 {[%emt 0:0:11]} 7. e4 {[%emt 0:0:4]} Nxc3 {[%emt 0:0:12]} 8. bxc3 {[%emt 0:0:3]} c5 {[%emt 0:0:24]} 9. Be2 {[%emt 0:0:8]} Nc6 {[%emt 0:0:0]} 10. Be3 {[%emt 0:0:5]} cxd4 {[%emt 0:1:56]} 11. cxd4 {[%emt 0:0:6]
} Qa5+ {[%emt 0:0:17]} 12. Bd2 {[%emt 0:0:5]} Qa3 {[%emt 0:0:15]} 13. d5 {[%emt 0:0:4]
} Ne5 {[%emt 0:3:1]} 14. 0-0 {[%emt 0:0:14]} Nxf3+ {[%emt 0:0:0]} 15. Bxf3 {[%emt 0:0:10]} a5 {[%emt 0:7:9]} 16. Re1 {[%emt 0:16:21]} Bxa1 {[%emt 0:23:42]} 17. Qxa1 {[%emt 0:0:8]} f6 {[%emt 0:0:21]} 18. e5 {[%emt 0:31:32]
} fxe5 {[%emt 0:1:42]} 19. Qxe5 {[%emt 0:0:10]} Qd6 {[%emt 0:0:0]} 20. Qxe7 {[%emt 0:0:18]} Qxe7 {[%emt 0:0:57]} 21. Rxe7 {[%emt 0:0:0]} Rf7 {[%emt 0:2:15]} 22. Re8+ {[%emt 0:12:58]} Rf8 {[%emt 0:0:5]} 23. Re5 {[%emt 0:5:56]} Rf5 {[%emt 0:2:42]} 24. Re7 {[%emt 0:0:3]} Rf7 {[%emt 0:0:4]
} 25. Re8+ {[%emt 0:4:50]} Rf8 {[%emt 0:0:14]} 26. Re1 {[%emt 0:0:23]
} Bxh3 {[%emt 0:15:7]} 27. Re7 {[%emt 0:10:13]} Rxf3 {[%emt 0:0:0]} 28. gxf3 {[%emt 0:0:10]} 1/2-1/2

[Event "RUS-chT Premier 2021"]
[White "Najer,Evgeniy"]
[Black "Afanasiev,Nikita"]
[WhiteTeam "Шахматная сборная Москвы"]
[BlackTeam "Школа М. Ботвинника"]
[Site "Sochi"]
[Round "7.16"]
[Annotator "ChessBase"]
[Result "1/2-1/2"]
[Date "2021.05.08"]
[WhiteElo "2648"]
[BlackElo "2529"]
[PlyCount "127"]
[TimeControl "60"]

1. e4 {[%emt 0:0:0]} e5 {[%emt 0:0:0]} 2. Nf3 {[%emt 0:0:0]} Nc6 {[%emt 0:0:0]
} 3. Bb5 {[%emt 0:0:0]} Nf6 {[%emt 0:0:0]} 4. 0-0 {[%emt 0:0:0]} Nxe4 {[%emt 0:0:5]} 5. Re1 {[%emt 0:0:12]} Nd6 {[%emt 0:0:9]} 6. Nxe5 {[%emt 0:0:20]} Be7 {[%emt 0:0:13]} 7. Bf1 {[%emt 0:0:9]} Nxe5 {[%emt 0:0:38]
} 8. Rxe5 {[%emt 0:0:6]} 0-0 {[%emt 0:0:6]} 9. d4 {[%emt 0:0:0]} Bf6 {[%emt 0:1:13]} 10. Re2 {[%emt 0:0:6]} Re8 {[%emt 0:7:59]} 11. c3 {[%emt 0:11:50]} Rxe2 {[%emt 0:7:48]} 12. Qxe2 {[%emt 0:1:28]} Nf5 {[%emt 0:6:1]
} 13. Bf4 {[%emt 0:1:43]} c6 {[%emt 0:4:18]} 14. Nd2 {[%emt 0:0:0]} d5 {[%emt 0:1:4]} 15. Re1 {[%emt 0:0:9]} Be6 {[%emt 0:5:54]} 16. Nf3 {[%emt 0:8:1]} Nh4 {[%emt 0:1:5]} 17. Ne5 {[%emt 0:4:18]} Ng6 {[%emt 0:6:58]
} 18. Nxg6 {[%emt 0:0:55]} hxg6 {[%emt 0:0:5]} 19. Qd2 {[%emt 0:0:11]
} Qd7 {[%emt 0:5:19]} 20. Bg5 {[%emt 0:14:10]} Bxg5 {[%emt 0:0:0]} 21. Qxg5 {[%emt 0:0:42]} Re8 {[%emt 0:0:10]} 22. f3 {[%emt 0:0:28]} Qd8 {[%emt 0:7:29]} 23. Qxd8 {[%emt 0:3:45]} Rxd8 {[%emt 0:3:22]} 24. h4 {[%emt 0:0:3]
} Kf8 {[%emt 0:1:31]} 25. Kf2 {[%emt 0:1:20]} Ke7 {[%emt 0:0:0]} 26. g4 {[%emt 0:0:45]} Kd6 {[%emt 0:11:49]} 27. Bd3 {[%emt 0:1:16]} b6 {[%emt 0:1:19]
} 28. Kg3 {[%emt 0:3:35]} Bd7 {[%emt 0:7:39]} 29. f4 {[%emt 0:0:0]} Rh8 {[%emt 0:3:27]} 30. Re2 {[%emt 0:11:53]} Bc8 {[%emt 0:3:4]} 31. Re5 {[%emt 0:3:26]} Bd7 {[%emt 0:0:30]} 32. a3 {[%emt 0:1:47]} f6 {[%emt 0:0:0]} 33. Re3 {[%emt 0:0:13]} Re8 {[%emt 0:0:13]} 34. Rxe8 {[%emt 0:0:47]} Bxe8 {[%emt 0:0:9]} 35. g5 {[%emt 0:1:55]} Ke7 {[%emt 0:3:17]} 36. c4 {[%emt 0:4:40]
} dxc4 {[%emt 0:1:36]} 37. Bxc4 {[%emt 0:0:2]} fxg5 {[%emt 0:0:0]} 38. fxg5 {[%emt 0:1:51]} Bf7 {[%emt 0:0:3]} 39. Be2 {[%emt 0:5:32]} Kd6 {[%emt 0:0:16]} 40. Kf4 {[%emt 0:0:0]} a5 {[%emt 0:0:0]} 41. Ke3 {[%emt 0:2:26]
} Be6 {[%emt 0:19:20]} 42. Bd3 {[%emt 0:0:44]} Bf7 {[%emt 0:0:0]} 43. Bc2 {[%emt 0:0:17]} Ke7 {[%emt 0:0:49]} 44. Bd3 {[%emt 0:18:19]} Kd6 {[%emt 0:0:23]} 45. Bb1 {[%emt 0:0:6]} Be8 {[%emt 0:7:45]} 46. Ba2 {[%emt 0:1:35]
} Bd7 {[%emt 0:0:10]} 47. Bb1 {[%emt 0:3:11]} Be8 {[%emt 0:0:0]} 48. Bc2 {[%emt 0:0:28]} Bf7 {[%emt 0:4:45]} 49. Kf4 {[%emt 0:0:14]} c5 {[%emt 0:0:35]} 50. Ke3 {[%emt 0:0:56]} Be8 {[%emt 0:1:23]} 51. Bb3 {[%emt 0:1:33]
} Bd7 {[%emt 0:0:21]} 52. dxc5+ {[%emt 0:1:6]} bxc5 {[%emt 0:0:0]} 53. Kf4 {[%emt 0:0:12]} Bb5 {[%emt 0:0:56]} 54. Bf7 {[%emt 0:1:47]} Bd3 {[%emt 0:0:4]} 55. Bg8 {[%emt 0:0:9]} Bb5 {[%emt 0:0:38]} 56. Bb3 {[%emt 0:1:17]
} Bd3 {[%emt 0:0:46]} 57. Bf7 {[%emt 0:0:6]} Bc2 {[%emt 0:0:0]} 58. Bc4 {[%emt 0:2:55]} Ba4 {[%emt 0:0:54]} 59. b3 {[%emt 0:0:53]} Be8 {[%emt 0:0:53]} 60. Bg8 {[%emt 0:1:11]} Bb5 {[%emt 0:0:24]} 61. a4 {[%emt 0:0:0]} Be2 {[%emt 0:0:58]} 62. Bh7 {[%emt 0:1:0]} Bh5 {[%emt 0:0:18]} 63. Bg8 {[%emt 0:0:40]} Bd1 {[%emt 0:0:47]} 64. Bc4 {[%emt 0:0:13]} 1/2-1/2

[Event "RUS-chT Premier 2021"]
[White "Kukhmazov,Arsen"]
[Black "Grachev,Boris"]
[WhiteTeam "Школа М. Ботвинника"]
[BlackTeam "Шахматная сборная Москвы"]
[Site "Sochi"]
[Round "7.17"]
[Annotator "ChessBase"]
[Result "1/2-1/2"]
[Date "2021.05.08"]
[WhiteElo "2451"]
[BlackElo "2619"]
[PlyCount "44"]
[TimeControl "60"]

1. d4 {[%emt 0:0:0]} d5 {[%emt 0:0:0]} 2. c4 {[%emt 0:0:0]} c6 {[%emt 0:0:0]} 3. Nf3 {[%emt 0:0:0]} Nf6 {[%emt 0:0:0]} 4. Nc3 {[%emt 0:0:0]} e6 {[%emt 0:0:9]} 5. Bg5 {[%emt 0:0:18]} Nbd7 {[%emt 0:0:7]} 6. e3 {[%emt 0:0:0]} Qa5 {[%emt 0:0:42]} 7. Nd2 {[%emt 0:0:44]} Bb4 {[%emt 0:0:41]} 8. Qc2 {[%emt 0:0:8]} 0-0 {[%emt 0:1:31]} 9. Be2 {[%emt 0:0:28]} c5 {[%emt 0:0:0]} 10. 0-0 {[%emt 0:1:3]} cxd4 {[%emt 0:0:18]} 11. exd4 {[%emt 0:0:4]
} dxc4 {[%emt 0:0:33]} 12. Bh4 {[%emt 0:0:14]} Nb6 {[%emt 0:2:2]} 13. Nxc4 {[%emt 0:6:54]} Nxc4 {[%emt 0:0:20]} 14. Bxc4 {[%emt 0:0:4]} Bd7 {[%emt 0:0:0]} 15. Bxf6 {[%emt 0:7:29]} gxf6 {[%emt 0:0:11]} 16. d5 {[%emt 0:1:1]} Bxc3 {[%emt 0:1:35]} 17. dxe6 {[%emt 0:0:39]} Bxe6 {[%emt 0:0:9]} 18. Bxe6 {[%emt 0:0:10]} fxe6 {[%emt 0:0:7]} 19. bxc3 {[%emt 0:0:17]} Rac8 {[%emt 0:0:0]} 20. c4 {[%emt 0:11:8]} Qc5 {[%emt 0:5:0]} 21. Qe4 {[%emt 0:5:9]} Qxc4 {[%emt 0:0:45]} 22. Qxb7 {[%emt 0:0:51]} Rf7 {[%emt 0:0:6]} 1/2-1/2

[Event "RUS-chT Premier 2021"]
[White "Popov,Ivan"]
[Black "Vetokhin,Savva"]
[WhiteTeam "Шахматная сборная Москвы"]
[BlackTeam "Школа М. Ботвинника"]
[Site "Sochi"]
[Round "7.18"]
[Annotator "ChessBase"]
[Result "1/2-1/2"]
[Date "2021.05.08"]
[WhiteElo "2630"]
[BlackElo "2261"]
[PlyCount "40"]
[TimeControl "60"]

1. e4 {[%emt 0:0:0]} e5 {[%emt 0:0:0]} 2. Nf3 {[%emt 0:0:12]} Nf6 {[%emt 0:0:0]
} 3. Nxe5 {[%emt 0:0:51]} d6 {[%emt 0:0:16]} 4. Nf3 {[%emt 0:0:0]} Nxe4 {[%emt 0:0:7]} 5. Nc3 {[%emt 0:0:18]} Nxc3 {[%emt 0:0:13]} 6. dxc3 {[%emt 0:0:8]} Be7 {[%emt 0:0:6]} 7. Be3 {[%emt 0:0:18]} 0-0 {[%emt 0:0:19]
} 8. Qd2 {[%emt 0:0:14]} Nd7 {[%emt 0:0:17]} 9. 0-0-0 {[%emt 0:0:0]} c6 {[%emt 0:0:20]} 10. h4 {[%emt 0:0:9]} Re8 {[%emt 0:0:11]} 11. Bd3 {[%emt 0:4:1]} d5 {[%emt 0:2:29]} 12. Rde1 {[%emt 0:5:40]} Bc5 {[%emt 0:11:34]
} 13. Bd4 {[%emt 0:28:9]} Bxd4 {[%emt 0:3:36]} 14. cxd4 {[%emt 0:0:40]
} Nf6 {[%emt 0:0:25]} 15. Ne5 {[%emt 0:10:42]} Ne4 {[%emt 0:0:0]} 16. Bxe4 {[%emt 0:10:54]} dxe4 {[%emt 0:0:9]} 17. Nc4 {[%emt 0:0:56]} Be6 {[%emt 0:1:5]} 18. Ne3 {[%emt 0:0:11]} Qd6 {[%emt 0:11:25]} 19. Qc3 {[%emt 0:4:18]
} a5 {[%emt 0:4:16]} 20. a3 {[%emt 0:8:9]} Red8 {[%emt 0:0:0]} 1/2-1/2

[Event "RUS-chT Premier 2021"]
[White "Truskavetsky,Alexandr"]
[Black "Shubin,Kirill"]
[WhiteTeam "Киммерия"]
[BlackTeam "СШОР"]
[Site "Sochi"]
[Round "7.19"]
[Annotator "ChessBase"]
[Result "1/2-1/2"]
[Date "2021.05.08"]
[WhiteElo "2387"]
[BlackElo "2466"]
[PlyCount "103"]
[TimeControl "60"]

1. d4 {[%emt 0:0:0]} e6 {[%emt 0:0:0]} 2. Nf3 {[%emt 0:0:0]} Nf6 {[%emt 0:0:0]
} 3. c4 {[%emt 0:0:0]} c5 {[%emt 0:0:0]} 4. d5 {[%emt 0:0:0]} d6 {[%emt 0:0:0]} 5. Nc3 {[%emt 0:0:36]} exd5 {[%emt 0:0:0]} 6. cxd5 {[%emt 0:0:6]} g6 {[%emt 0:0:0]} 7. h3 {[%emt 0:1:45]} a6 {[%emt 0:1:33]} 8. a4 {[%emt 0:0:9]} Qe7 {[%emt 0:0:9]} 9. Bf4 {[%emt 0:16:35]} Nbd7 {[%emt 0:1:17]
} 10. e3 {[%emt 0:0:28]} Bg7 {[%emt 0:0:23]} 11. Be2 {[%emt 0:0:0]} 0-0 {[%emt 0:0:32]} 12. 0-0 {[%emt 0:0:28]} Ne8 {[%emt 0:0:20]} 13. e4 {[%emt 0:7:58]} Rb8 {[%emt 0:7:21]} 14. Qd2 {[%emt 0:10:5]} Nc7 {[%emt 0:0:0]} 15. Rfe1 {[%emt 0:11:36]} f6 {[%emt 0:0:8]} 16. Rab1 {[%emt 0:1:31]} a5 {[%emt 0:3:50]} 17. Bg3 {[%emt 0:25:36]} Ne5 {[%emt 0:6:12]} 18. Nh2 {[%emt 0:0:20]
} g5 {[%emt 0:1:22]} 19. Bg4 {[%emt 0:1:47]} b5 {[%emt 0:5:8]
} 20. Bxc8 {[%emt 0:5:27]} Rfxc8 {[%emt 0:0:4]} 21. axb5 {[%emt 0:0:20]} Nxb5 {[%emt 0:0:4]} 22. Nxb5 {[%emt 0:0:37]} Rxb5 {[%emt 0:0:8]} 23. Bxe5 {[%emt 0:6:36]} Qxe5 {[%emt 0:0:7]} 24. Ng4 {[%emt 0:1:26]} Qe8 {[%emt 0:0:0]} 25. f3 {[%emt 0:2:39]} Rcb8 {[%emt 0:0:44]} 26. Qc2 {[%emt 0:1:26]} Rb4 {[%emt 0:1:29]} 27. Ne3 {[%emt 0:0:52]} Qb5 {[%emt 0:0:14]} 28. Nf5 {[%emt 0:0:37]
} Bf8 {[%emt 0:0:10]} 29. h4 {[%emt 0:1:18]} Rxb2 {[%emt 0:0:0]} 30. Rxb2 {[%emt 0:0:58]} Qxb2 {[%emt 0:0:4]} 31. Qa4 {[%emt 0:1:11]} Qd2 {[%emt 0:0:23]} 32. Rd1 {[%emt 0:0:38]} Qe2 {[%emt 0:0:54]} 33. Ng3 {[%emt 0:0:24]
} Qe3+ {[%emt 0:1:14]} 34. Kh1 {[%emt 0:0:6]} gxh4 {[%emt 0:0:0]} 35. Nf5 {[%emt 0:0:15]} Qb3 {[%emt 0:0:10]} 36. Ra1 {[%emt 0:0:43]} Qxa4 {[%emt 0:0:48]} 37. Rxa4 {[%emt 0:0:2]} h3 {[%emt 0:2:26]} 38. Rxa5 {[%emt 0:0:47]
} c4 {[%emt 0:2:9]} 39. Ra6 {[%emt 0:0:20]} Rb2 {[%emt 0:0:0]} 40. Rc6 {[%emt 0:0:0]} hxg2+ {[%emt 0:0:0]} 41. Kg1 {[%emt 0:1:56]} Rc2 {[%emt 0:4:59]} 42. Nd4 {[%emt 0:10:42]} Rd2 {[%emt 0:1:38]} 43. Rxc4 {[%emt 0:0:9]
} h5 {[%emt 0:1:27]} 44. Nf5 {[%emt 0:1:36]} Kf7 {[%emt 0:0:0]} 45. Rc7+ {[%emt 0:9:20]} Kg6 {[%emt 0:0:26]} 46. f4 {[%emt 0:0:44]} h4 {[%emt 0:1:50]} 47. Nxh4+ {[%emt 0:0:24]} Kh5 {[%emt 0:0:5]} 48. Nxg2 {[%emt 0:1:12]
} Kg4 {[%emt 0:0:14]} 49. Rf7 {[%emt 0:2:22]} Kf3 {[%emt 0:0:0]} 50. Nh4+ {[%emt 0:1:22]} Kxf4 {[%emt 0:0:5]} 51. Rxf8 {[%emt 0:1:3]} Kxe4 {[%emt 0:0:7]} 52. Rxf6 {[%emt 0:0:10]} 1/2-1/2

[Event "RUS-chT Premier 2021"]
[White "Usmanov,Vasily"]
[Black "Musalov,Ruslan"]
[WhiteTeam "СШОР"]
[BlackTeam "Киммерия"]
[Site "Sochi"]
[Round "7.20"]
[Annotator "NA"]
[Result "1-0"]
[Date "2021.05.08"]
[WhiteElo "2447"]
[BlackElo "2359"]
[PlyCount "129"]
[TimeControl "60"]

1. d4 {[%emt 0:0:0]} d6 {[%emt 0:0:0]} 2. Nf3 {[%emt 0:0:29]} g6 {[%emt 0:0:0]} 3. c4 {[%emt 0:1:7]} Bg7 {[%emt 0:0:10]} 4. Nc3 {[%emt 0:0:7]} Bg4 {[%emt 0:1:20]} 5. e3 {[%emt 0:4:31]} Nc6 {[%emt 0:4:6]} 6. h3 {[%emt 0:0:0]} Bxf3 {[%emt 0:4:8]} 7. Qxf3 {[%emt 0:0:2]} f5 {[%emt 0:4:55]} 8. g4 {[%emt 0:9:46]
} Nh6 {[%emt 0:7:12]} 9. d5 {[%emt 0:13:32]} Nb4 {[%emt 0:19:29]
} 10. Qd1 {[%emt 0:7:25]} Qd7 {[%emt 0:1:22]} 11. Be2 {[%emt 0:6:30]} 0-0 {[%emt 0:15:49]
} 12. e4 {[%emt 0:7:56]} fxe4 {[%emt 0:6:9]} 13. Nxe4 {[%emt 0:0:6]
} Nf7 {[%emt 0:0:13]} 14. Be3 {[%emt 0:6:21]} e6 {[%emt 0:0:0]} 15. Qb3 {[%emt 0:0:37]} exd5 {[%emt 0:8:0]} 16. cxd5 {[%emt 0:0:25]} a5 {[%emt 0:0:24]} 17. a3 {[%emt 0:2:37]} Qe7 {[%emt 0:6:41]} 18. f3 {[%emt 0:5:36]
} Na6 {[%emt 0:0:16]} 19. 0-0 {[%emt 0:0:3]} Nc5 {[%emt 0:0:0]} 20. Bxc5 {[%emt 0:14:52]} dxc5 {[%emt 0:0:10]} 21. Rae1 {[%emt 0:0:7]} Nd6 {[%emt 0:6:44]} 22. Kg2 {[%emt 0:0:8]} Be5 {[%emt 0:1:11]} 23. Nxc5 {[%emt 0:1:44]
} Qh4 {[%emt 0:0:55]} 24. f4 {[%emt 0:0:4]} Rxf4 {[%emt 0:0:0]} 25. Ne6 {[%emt 0:1:28]} Rxf1 {[%emt 0:4:23]} 26. Rxf1 {[%emt 0:0:2]} Qe7 {[%emt 0:0:13]} 27. a4 {[%emt 0:2:36]} b6 {[%emt 0:0:44]} 28. Rc1 {[%emt 0:2:43]
} Nf7 {[%emt 0:0:19]} 29. Rc2 {[%emt 0:1:24]} Bd6 {[%emt 0:0:0]} 30. Bb5 {[%emt 0:0:37]} Ne5 {[%emt 0:1:16]} 31. Re2 {[%emt 0:0:14]} Qf6 {[%emt 0:0:39]} 32. Qc3 {[%emt 0:2:36]} h5 {[%emt 0:0:39]} 33. g5 {[%emt 0:0:0]} Qf5 {[%emt 0:0:7]} 34. Qe3 {[%emt 0:2:27]} Kh7 {[%emt 0:1:10]} 35. b3 {[%emt 0:0:4]} Rg8 {[%emt 0:0:9]} 36. Qe4 {[%emt 0:2:56]} Qxe4+ {[%emt 0:0:30]
} 37. Rxe4 {[%emt 0:0:2]} Ra8 {[%emt 0:0:50]} 38. Re2 {[%emt 0:1:3]
} Kg8 {[%emt 0:0:11]} 39. Rc2 {[%emt 0:1:45]} Kf7 {[%emt 0:0:0]} 40. Rf2+ {[%emt 0:0:0]} Ke7 {[%emt 0:0:0]} 41. Rf6 {[%emt 0:0:45]} Rg8 {[%emt 0:1:0]} 42. Nf4 {[%emt 0:7:53]} Rf8 {[%emt 0:9:16]} 43. Nxg6+ {[%emt 0:1:7]
} Nxg6 {[%emt 0:0:8]} 44. Rxg6 {[%emt 0:0:2]} Rf5 {[%emt 0:0:0]} 45. h4 {[%emt 0:11:56]} Rf4 {[%emt 0:0:55]} 46. Bd3 {[%emt 0:2:50]} Rg4+ {[%emt 0:6:8]} 47. Kf3 {[%emt 0:0:5]} Rf4+ {[%emt 0:0:11]} 48. Ke2 {[%emt 0:0:31]
} Rxh4 {[%emt 0:0:4]} 49. Bf5 {[%emt 0:0:32]} Kf7 {[%emt 0:0:0]} 50. Rh6 {[%emt 0:0:15]} Bf8 {[%emt 0:0:23]} 51. Rh8 {[%emt 0:2:51]} Rh2+ {[%emt 0:6:46]} 52. Kd3 {[%emt 0:0:52]} Rg2 {[%emt 0:2:45]} 53. g6+ {[%emt 0:3:3]
} Ke7 {[%emt 0:0:3]} 54. d6+ {[%emt 0:3:53]} cxd6 {[%emt 0:0:0]} 55. Rh7+ {[%emt 0:0:1]} Ke8 {[%emt 0:2:16]} 56. Kc4 {[%emt 0:0:57]} h4 {[%emt 0:0:53]} 57. Kd5 {[%emt 0:0:25]} Re2 {[%emt 0:0:39]} 58. Kc6 {[%emt 0:0:37]
} Re3 {[%emt 0:0:51]} 59. g7 {[%emt 0:1:11]} Bxg7 {[%emt 0:0:0]} 60. Rxg7 {[%emt 0:0:3]} Rxb3 {[%emt 0:0:8]} 61. Kxd6 {[%emt 0:0:19]} Kf8 {[%emt 0:0:33]} 62. Rg4 {[%emt 0:0:47]} Rb4 {[%emt 0:0:43]} 63. Be6 {[%emt 0:0:4]
} Rxg4 {[%emt 0:0:35]} 64. Bxg4 {[%emt 0:0:3]} Kf7 {[%emt 0:0:0]} 65. Kc6 {[%emt 0:0:3]} 1-0